[Event "Dhaka Chowdhury Memorial op-B 2nd"]
[Site "Dhaka"]
[Date "2022.07.08"]
[Round "9"]
[White "Mohammad, Din"]
[Black "Zahid, Sanatan"]
[Result "1/2-1/2"]
[WhiteElo "1827"]
[BlackElo "1946"]
[PlyCount "36"]
[EventDate "2022.07.02"]
[EventType "swiss"]
[EventRounds "9"]
[EventCountry "BAN"]
[SourceTitle "EXT 2024"]
[Source "ChessBase"]
[SourceDate "2023.10.10"]
[SourceVersion "1"]
[SourceVersionDate "2023.10.10"]
[SourceQuality "1"]

1. d4 Nf6 2. c4 e6 3. Nf3 b6 4. g3 Bb7 5. Bg2 Bb4+ 6. Bd2 Qe7 7. 0-0 Bxd2 8. Qxd2 0-0 9. Nc3 d5 10. b3 Nbd7 11. Ne5 Rfd8 12. Qe3 Rac8 13. Rfd1 Ba8 14. Rac1 c5 15. Nxd7 Qxd7 16. cxd5 exd5 17. Nb1 Qf5 18. f3 Re8 1/2-1/2

[Event "Dhaka Chowdhury Memorial op-B 2nd"]
[Site "Dhaka"]
[Date "2022.07.06"]
[Round "6"]
[White "Shawkat, Ali Sheikh"]
[Black "Zahid, Sanatan"]
[Result "0-1"]
[WhiteElo "1703"]
[BlackElo "1946"]
[PlyCount "76"]
[EventDate "2022.07.02"]
[EventType "swiss"]
[EventRounds "9"]
[EventCountry "BAN"]
[SourceTitle "EXT 2023"]
[Source "ChessBase"]
[SourceDate "2022.10.05"]
[SourceVersion "1"]
[SourceVersionDate "2022.10.05"]
[SourceQuality "1"]

1. e4 c5 2. Nf3 g6 3. d4 cxd4 4. Nxd4 Bg7 5. c3 Nc6 6. Be3 Nf6 7. Nd2 d6 8. Be2 0-0 9. 0-0 Bd7 10. N4b3 Rc8 11. Rc1 Be6 12. f4 Qd7 13. a3 Ng4 14. Bxg4 Bxg4 15. Nf3 Be6 16. Nbd4 Bc4 17. Rf2 e5 18. fxe5 dxe5 19. Ne2 Qg4 20. Nd2 Rcd8 21. Ng3 Qe6 22. Qe1 Ba6 23. Ndf1 Qb3 24. Rd2 Rxd2 25. Qxd2 Rd8 26. Qc2 Qa2 27. Nd2 Rd3 28. Ngf1 Qe6 29. c4 Rd8 30. b4 b5 31. cxb5 Bxb5 32. Qc5 a6 33. Nc4 Bf8 34. Qb6 Bxc4 35. Nd2 Rb8 36. Nxc4 Rxb6 37. Nxb6 Nd4 38. Rc8 Qxb6 0-1

[Event "Dhaka Chowdhury Memorial op-B 2nd"]
[Site "Dhaka"]
[Date "2022.07.03"]
[Round "2"]
[White "Sayandeep, Roy"]
[Black "Zahid, Sanatan"]
[Result "1-0"]
[WhiteElo "1764"]
[BlackElo "1946"]
[PlyCount "89"]
[EventDate "2022.07.02"]
[EventType "swiss"]
[EventRounds "9"]
[EventCountry "BAN"]
[SourceTitle "EXT 2023"]
[Source "ChessBase"]
[SourceDate "2022.10.05"]
[SourceVersion "1"]
[SourceVersionDate "2022.10.05"]
[SourceQuality "1"]

1. e4 c5 2. Nc3 g6 3. f4 Bg7 4. Nf3 Nc6 5. Bc4 e6 6. 0-0 Nge7 7. d3 0-0 8. Qe1 a6 9. a4 b6 10. Qh4 Bb7 11. f5 exf5 12. Bh6 Na5 13. Ba2 d5 14. Ng5 dxe4 15. Bxg7 Kxg7 16. Qxh7+ Kf6 17. Ncxe4+ Bxe4 18. Nxe4+ Ke5 19. Qg7+ f6 20. Ng5 Qd4+ 21. Kh1 Kd6 22. Rae1 Nac6 23. Ne6 Rg8 24. Qxg8 Nxg8 25. Nxd4 cxd4 26. Re6+ Kd7 27. Rfe1 Rb8 28. Bc4 Ne5 29. Bb3 a5 30. Kg1 Kc7 31. h3 Rf8 32. Kf2 Rb8 33. Kg3 b5 34. axb5 Rxb5 35. R6xe5 fxe5 36. Bxg8 Kd6 37. Ra1 g5 38. Bc4 Rc5 39. b4 axb4 40. Ra6+ Kc7 41. Rg6 e4 42. Kf2 f4 43. Ra6 exd3 44. cxd3 Re5 45. Ra4 1-0

[Event "BAN-chT2 Borsho 2nd"]
[Site "Bangladesh"]
[Date "2021.01.20"]
[Round "1.2"]
[White "HM Shafin, Khan"]
[Black "Zahid, Sanatan"]
[Result "0-1"]
[WhiteElo "1467"]
[BlackElo "1892"]
[PlyCount "132"]
[EventDate "2021.01.20"]
[EventType "team-tourn"]
[EventRounds "9"]
[EventCountry "BAN"]
[SourceTitle "CBM 200 Extra"]
[Source "ChessBase"]
[SourceDate "2021.03.31"]
[SourceVersion "1"]
[SourceVersionDate "2021.03.31"]
[SourceQuality "1"]
[WhiteTeam "Dipali Memorial Club"]
[BlackTeam "Latif Travels CC"]
[WhiteTeamCountry "BAN"]
[BlackTeamCountry "BAN"]

1. d4 Nf6 2. Bf4 e6 3. e3 d5 4. Nf3 Nbd7 5. Be2 Be7 6. 0-0 Nh5 7. Bg3 Nxg3 8. hxg3 0-0 9. Nbd2 f5 10. c4 c6 11. Ne5 Bf6 12. f4 g5 13. Ndf3 g4 14. Nxd7 Bxd7 15. Ne5 Be8 16. Kf2 h5 17. Rh1 Kg7 18. Qb3 Qe7 19. cxd5 exd5 20. Bd3 Rd8 21. Qc2 Bxe5 22. dxe5 Bg6 23. Rac1 Rf7 24. Qc5 Qxc5 25. Rxc5 Rfd7 26. Rd1 Kf7 27. Bc2 Ke6 28. Bb3 Rh7 29. Rh1 Rdh8 30. Rh4 Rd8 31. Rh1 Be8 32. Re1 b6 33. Rc3 c5 34. Rd1 Bc6 35. Bc2 a5 36. e4 fxe4 37. Bxe4 Rhh8 38. Bc2 d4 39. Bb3+ Kf5 40. Bc2+ Be4 41. Bxe4+ Kxe4 42. Rb3 Rh6 43. Re1+ Kf5 44. e6 Rxe6 45. Rxe6 Kxe6 46. Rxb6+ Kd5 47. Rh6 a4 48. Rxh5+ Kc4 49. b3+ axb3 50. axb3+ Kb4 51. Re5 Ra8 52. f5 Ra2+ 53. Re2 Ra7 54. Re5 c4 55. bxc4 Kxc4 56. f6 Rf7 57. Re6 Kd5 58. Ra6 Ke5 59. Ke2 Rxf6 60. Ra5+ Ke4 61. Rg5 d3+ 62. Kd2 Rf2+ 63. Kd1 Rxg2 64. Rg8 Rxg3 65. Re8+ Kd4 66. Rd8+ Ke3 0-1

[Event "BAN Walton 1st League"]
[Site "Dhaka"]
[Date "2018.10.28"]
[Round "4.4"]
[White "Chowdhury, Shamsul Kabir"]
[Black "Zahid, Sanatan"]
[Result "0-1"]
[WhiteElo "1840"]
[BlackElo "1907"]
[PlyCount "71"]
[EventDate "2018.10.25"]
[EventType "team-tourn"]
[EventRounds "11"]
[EventCountry "BAN"]
[SourceTitle "CBM 187 Extra"]
[Source "ChessBase"]
[SourceDate "2018.11.04"]
[SourceVersion "1"]
[SourceVersionDate "2018.11.04"]
[SourceQuality "1"]
[WhiteTeam "Mohakhali Prodip Sangah"]
[BlackTeam "Leonine CC"]
[WhiteTeamCountry "BAN"]
[BlackTeamCountry "BAN"]

1. d4 e6 2. c4 Nf6 3. Nc3 b6 4. e4 Bb4 5. f3 Bb7 6. Bg5 Be7 7. Bd3 Nc6 8. e5 Nh5 9. Be3 Bg5 10. Bf2 Nf4 11. Bf1 h5 12. g3 Ng6 13. Bd3 h4 14. Bxg6 fxg6 15. g4 h3 16. Qd3 Rh6 17. Nce2 Qe7 18. a3 Qf7 19. Ng3 0-0-0 20. N1e2 Rf8 21. f4 Rh4 22. 0-0 Be7 23. d5 exd5 24. cxd5 Nb8 25. d6 cxd6 26. Rac1+ Nc6 27. g5 Kb8 28. b4 Rg4 29. Rc2 Qe6 30. Rc4 Ba6 31. Rfc1 Bxg5 32. Nd4 Nxd4 33. Qxd4 Rgxf4 34. Qe3 Bxc4 35. Ne4 Rg4+ 36. Qg3 0-1

[Event "BAN-chB 43rd"]
[Site "Dhaka"]
[Date "2017.11.08"]
[Round "2"]
[White "Ghosh, Chanchal Kumer"]
[Black "Zahid, Sanatan"]
[Result "1-0"]
[WhiteElo "2140"]
[BlackElo "1933"]
[PlyCount "73"]
[EventDate "2017.11.07"]
[EventType "swiss"]
[EventRounds "11"]
[EventCountry "BAN"]
[SourceTitle "CBM 181 Extra"]
[Source "ChessBase"]
[SourceDate "2017.12.12"]
[SourceVersion "1"]
[SourceVersionDate "2017.12.12"]
[SourceQuality "1"]

1. e4 c5 2. Nf3 g6 3. d4 cxd4 4. Qxd4 Nf6 5. e5 Nc6 6. Qa4 Nd5 7. c4 Nb6 8. Qc2 Bg7 9. Bf4 0-0 10. Nc3 d5 11. Rd1 Bf5 12. Qc1 e6 13. Be2 Qb8 14. cxd5 Nxe5 15. d6 Ned7 16. 0-0 Qd8 17. Bh6 Rc8 18. Bxg7 Kxg7 19. Nd4 Be4 20. Ndb5 a6 21. Nc7 Bc6 22. Qe3 Qf6 23. f4 h5 24. Bf3 Nc4 25. Qe2 Bxf3 26. Rxf3 Nxd6 27. Nxe6+ Qxe6 28. Qxe6 fxe6 29. Rxd6 Nf6 30. Rxe6 Rf7 31. Rd3 Rc5 32. Rdd6 h4 33. Rxf6 Rxf6 34. Rxf6 Rxc3 35. Rxg6+ Kxg6 36. bxc3 Kf5 37. g3 1-0

[Event "BAN-chB 42nd"]
[Site "Dhaka"]
[Date "2016.10.29"]
[Round "10"]
[White "Ratan, Ali"]
[Black "Zahid, Sanatan"]
[Result "0-1"]
[WhiteElo "1929"]
[BlackElo "1974"]
[PlyCount "100"]
[EventDate "2016.10.20"]
[EventType "swiss"]
[EventRounds "11"]
[EventCountry "BAN"]
[SourceTitle "CBM 175 Extra"]
[Source "ChessBase"]
[SourceDate "2016.12.12"]
[SourceVersion "1"]
[SourceVersionDate "2016.12.12"]
[SourceQuality "1"]

1. f4 Nf6 2. Nf3 b6 3. e3 Bb7 4. Be2 e6 5. d4 Be7 6. 0-0 d6 7. c3 Nbd7 8. Bd3 Ne4 9. Nbd2 f5 10. Qc2 Ndf6 11. Bb5+ c6 12. Bd3 Nxd2 13. Bxd2 0-0 14. Ng5 Qd7 15. Rae1 h6 16. Nf3 c5 17. Bc1 Rac8 18. Qe2 Rc7 19. Nd2 Ne4 20. Bxe4 fxe4 21. Qg4 Rf6 22. Rf2 cxd4 23. exd4 d5 24. Nf1 Qe8 25. Ne3 Bc8 26. Qe2 Bd6 27. g3 Qa4 28. a3 Qe8 29. Kh1 b5 30. Ref1 a5 31. f5 b4 32. axb4 axb4 33. Bd2 bxc3 34. bxc3 Ra7 35. Rg1 Ra2 36. g4 g5 37. fxg6 Rxg6 38. Ng2 e5 39. Nh4 exd4 40. cxd4 Bb4 41. Qd1 Rga6 42. Be3 Rxf2 43. Bxf2 Be7 44. Nf5 Bg5 45. Ne3 Qf7 46. Qe2 Qa7 47. Nxd5 Ra2 48. Qe1 Qf7 49. Qxe4 Bb7 50. Nc3 Qxf2 0-1

[Event "BAN-chB 42nd"]
[Site "Dhaka"]
[Date "2016.10.26"]
[Round "7"]
[White "Zahid, Sanatan"]
[Black "Bhuiyan, Golam Mostafa"]
[Result "0-1"]
[WhiteElo "1974"]
[BlackElo "2102"]
[PlyCount "64"]
[EventDate "2016.10.20"]
[EventType "swiss"]
[EventRounds "11"]
[EventCountry "BAN"]
[SourceTitle "CBM 175 Extra"]
[Source "ChessBase"]
[SourceDate "2016.12.12"]
[SourceVersion "1"]
[SourceVersionDate "2016.12.12"]
[SourceQuality "1"]

1. Nf3 Nf6 2. g3 d5 3. Bg2 c5 4. 0-0 Nc6 5. d3 e5 6. e4 d4 7. a4 Bd6 8. Na3 a6 9. Nc4 Bc7 10. b3 Rb8 11. a5 Be6 12. Bd2 h6 13. Qe1 0-0 14. Nh4 Re8 15. f4 exf4 16. gxf4 Nb4 17. Bxb4 cxb4 18. h3 Qc8 19. Rf3 Nh5 20. Qf2 Qd8 21. e5 f5 22. Rf1 Kh7 23. Bh1 Rg8 24. Qe1 g5 25. fxg5 Rxg5+ 26. Kh2 Qd7 27. Nxf5 Bxc4 28. bxc4 Qe6 29. Nd6 Bxd6 30. Rf7+ Kh8 31. R1f4 Nxf4 32. Bd5 Nxd3 0-1

[Event "BAN-chB 42nd"]
[Site "Dhaka"]
[Date "2016.10.23"]
[Round "4"]
[White "Mohammad, Javed"]
[Black "Zahid, Sanatan"]
[Result "1-0"]
[WhiteElo "2147"]
[BlackElo "1974"]
[PlyCount "57"]
[EventDate "2016.10.20"]
[EventType "swiss"]
[EventRounds "11"]
[EventCountry "BAN"]
[SourceTitle "CBM 175 Extra"]
[Source "ChessBase"]
[SourceDate "2016.12.12"]
[SourceVersion "1"]
[SourceVersionDate "2016.12.12"]
[SourceQuality "1"]

1. d4 d6 2. e4 g6 3. Nc3 Bg7 4. Nf3 Nf6 5. h3 0-0 6. Be2 e5 7. 0-0 Nc6 8. Be3 a6 9. a4 h6 10. Qd3 Nd7 11. dxe5 Ndxe5 12. Nxe5 Nxe5 13. Qd2 Kh7 14. f4 Nc6 15. f5 Nb4 16. Rf2 g5 17. f6 Bxf6 18. Raf1 Bg7 19. Rxf7 Rxf7 20. Rxf7 Be6 21. Rxg7+ Kxg7 22. Qd4+ Kg8 23. Qxb4 Qf8 24. Nd5 c5 25. Qd2 Qg7 26. c3 Re8 27. h4 gxh4 28. Bxh6 Qg6 29. Bh5 1-0

[Event "Dhaka op"]
[Site "Dhaka"]
[Date "2016.06.30"]
[Round "7"]
[White "Zahid, Sanatan"]
[Black "Mohammad Fahad, Rahman"]
[Result "0-1"]
[WhiteElo "1975"]
[BlackElo "2153"]
[PlyCount "80"]
[EventDate "2016.06.24"]
[EventType "swiss"]
[EventRounds "9"]
[EventCountry "BAN"]
[SourceTitle "EXT 2017"]
[Source "ChessBase"]
[SourceDate "2016.10.25"]
[SourceVersion "1"]
[SourceVersionDate "2016.10.25"]
[SourceQuality "1"]

1. e4 c5 2. d4 cxd4 3. Nf3 Nc6 4. Nxd4 Qc7 5. c4 Nf6 6. Nc3 Nxe4 7. Nxe4 Qe5 8. Nb5 Qxe4+ 9. Qe2 Qxe2+ 10. Bxe2 Kd8 11. Be3 b6 12. 0-0-0 Bb7 13. Bf3 Kc8 14. Bf4 d6 15. Rhe1 g6 16. Kb1 Nd8 17. Bg4+ f5 18. Bh3 h6 19. Bg3 Rh7 20. f4 Rf7 21. Bh4 h5 22. Re3 Bc6 23. Nd4 Kd7 24. Rde1 Rg7 25. Bg5 Ke8 26. Kc1 Rc8 27. Bxf5 gxf5 28. Nxf5 e5 29. Nxg7+ Bxg7 30. fxe5 dxe5 31. Rg3 Ne6 32. Be3 Rc7 33. b3 Re7 34. Rh3 Bxg2 35. Rxh5 Nf4 36. Bxf4 exf4 37. Rxe7+ Kxe7 38. Rg5 Bh6 39. Rg6 f3+ 40. Rxh6 f2 0-1